Statistiche per Rosa Italia 2002

Clicka qui per fare il quiz!

Statistiche generali

  • Questo quiz è stato fatto 31 volte
  • Il punteggio medio è 16 su 23

Statistiche sulle risposte

RuoloClub dell'epocaCalciatore% Corretto
PortiereJuventusGianluigi Buffon
100%
RomaFrancesco Totti
96%
AttaccanteJuventusAlessandro Del Piero
93%
MilanFilippo Inzaghi
93%
MilanPaolo Maldini
93%
LazioAlessandro Nesta
89%
ParmaFabio Cannavaro
89%
InterFrancesco Toldo
89%
InterChristian Vieri
85%
MilanGennaro Gattuso
85%
JuventusGianluca Zambrotta
85%
RomaVincenzo Montella
74%
MilanChristian Abbiati
70%
RomaMarco Delvecchio
59%
DifensoreRomaChristian Panucci
56%
RomaDamiano Tommasi
56%
AtalantaCristiano Doni
52%
InterMarco Materazzi
52%
FiorentinaAngelo Di Livio
41%
BarcellonaFrancesco Coco
41%
CentrocampistaInterCristiano Zanetti
33%
InterLuigi Di Biagio
33%
JuventusMark Iuliano
22%

Distribuzione punteggi

Percentile per numero di risposta

Percentuale di utenti per punteggio

I tuoi punteggi nel tempo

Non hai fatto questo quiz